Física III : (Registro nro. 10085)

Detalles MARC
000 -LIDER
fixed length control field 01673nam a2200313 a 4500
001 - NÚMERO DE CONTROL
Identificador de número de control 0044466
003 - IDENTIFICACDOR DE NÚMERO DE CONTROL
control field DO-SdBNP
005 - DATE AND TIME OF LATEST TRANSACTION
control field 20180313142048.0
007 - CAMPOS FIJOS DE DESCRIPCIÓN FÍSICA
fixed length control field 0044466
008 - ELEMENTOS DE LONGITUD FIJA
fixed length control field 140702s2014 dr ac 000 0 spa d
020 ## - ISBN
International Standard Book Number 9789945472424
040 ## - FUENTE DE CATALOGACIÓN
Agencia que crea de manera original el registro BPMSU
Idioma de catalogación spa
Agencia que realiza la transcripción BPMSU
082 ## - NÚMERO DE CLASIFICACIÓN DECIMAL DE DEWEY
Classification number 378.53
Item number S276f 3ro. 2014
100 1# - ASIENTO PRINCIPAL -- NOMBRE PERSONAL
Nombre personal Sbriz, Luciano
245 10 - MENCIÓN DE TITULO
Título Física III :
Subtítulo prácticas de laboratorio /
Mención de responsabilidad Luciano Sbriz
260 ## - PUBLICACIÓN, DISTRIBUCIÓN, ETC. (PIE DE IMPRENTA)
Lugar de publicación, distribución, etc Santo Domingo :
Nombre del editor, distribuidor, etc. INTEC,
Fecha de publicación, distribución, etc 2014.
300 ## - DESCRIPCIÓN FÍSICA
Extensión 102 p. :
Otros detalles físicos il. ;
Dimensiones 28 cm.
504 ## - NOTA DE BIBLIOGRAFÍA, ETC.
Bibliography, etc Referencias bibliográficas : p. 101
505 0# - NOTA DE CONTENIDO
Título Introducción --
-- Líneas de campos eléctrico y líneas equipotenciales --
-- Circuitos de resistencias en serie, paralelo y mixta --
-- Ley de Ohm --
-- Relalación de carga/masa de electrón --
-- Variación de la resistividad con la temperatura --
-- Introducción (ley de Faraday) --
-- Campo magnético creado por una corriente --
-- Fuerza ejercida por un campo magnético sobre una corriente --
-- Campo magnético en un solenoide --
-- Carga y descarga de un condensador --
-- Factores que determinan la resistencia de un conductor --
-- Campo magnético de una espira --
-- Fuerza electromotriz inducida --
-- Leyes de Kirchhoff --
-- Ley de Faraday y de Lenz --
-- Tubo de Lenz --
650 #4 - ENCABEZAMIENTO DE MATERIA--TEMÁTICO
Término temático o nombre geográfico como elemento de entrada FÍSICA
Subdivisión temática general ENSEÑANZA SUPERIOR
650 #4 - ENCABEZAMIENTO DE MATERIA--TEMÁTICO
Término temático o nombre geográfico como elemento de entrada FÍSICA
Subdivisión temática general EDUCACIÓN SUPERIOR
650 #4 - ENCABEZAMIENTO DE MATERIA--TEMÁTICO
Término temático o nombre geográfico como elemento de entrada EDUCACIÓN SUPERIOR
Subdivisión geográfica REPÚBLICA DOMINICANA
650 #4 - ENCABEZAMIENTO DE MATERIA--TEMÁTICO
Término temático o nombre geográfico como elemento de entrada FÍSICA
Subdivisión temática general MANUALES DE LABORATORIO
710 2# - ASIENTO SECUNDARIO -- NOMBRE CORPORATIVO
Término de relación Instituto Tenológico de Santo Domingo
910 ## - VALIDACIÓN
Validación Validado. Control de calidad MFF
942 ## - ADDED ENTRY ELEMENTS (KOHA)
Source of classification or shelving scheme Dewey Decimal Classification
Koha item type Libros
945 ## - INFORMACIÓN DE PROCESAMIENTO LOCAL
Información de procesamiento local Remanejado para la BNPHU / 2018 BT
956 ## - LOCAL ELECTRONIC LOCATION AND ACCESS (OCLC)
Nombre de host VMATEO
Número de acceso 10
Información de compresión 20160511
Inicio de sesión BPMSU
Procesador de solicitud 0069
Existencias
Withdrawn status Lost status Source of classification or shelving scheme Damaged status Not for loan Home library Current library Date acquired Total Checkouts Full call number Barcode Date last seen Price effective from Koha item type
    Dewey Decimal Classification     Biblioteca Pública Metropolitana Salomé Ureña Biblioteca Pública Metropolitana Salomé Ureña 02/20/2017   378.53 S276f 3ro. 2014 BPMSU17020044 02/20/2017 02/20/2017 Libros